Agent-Mediated Electronic Commerce (Record no. 326502)

MARC details
000 -LEADER
fixed length control field 00574nam a2200169Ia 4500
008 - FIXED-LENGTH DATA ELEMENTS--GENERAL INFORMATION
fixed length control field 230718s9999 xx 000 0 und d
020 ## - INTERNATIONAL STANDARD BOOK NUMBER
International Standard Book Number 9783540462422
041 ## - LANGUAGE CODE
Language code of text/sound track or separate title eng
082 ## - DEWEY DECIMAL CLASSIFICATION NUMBER
Classification number 658.8'4
Item number POT
100 ## - MAIN ENTRY--PERSONAL NAME
Personal name Poutre H.L. (Editor)
9 (RLIN) 174982
245 ## - TITLE STATEMENT
Title Agent-Mediated Electronic Commerce
Remainder of title Designing Trading Agents And Mechanisms, LNAI 3937
260 ## - PUBLICATION, DISTRIBUTION, ETC. (IMPRINT)
Date of publication, distribution, etc. 2006
Name of publisher, distributor, etc. Springer Pub.
300 ## - PHYSICAL DESCRIPTION
Extent 225
365 ## - TRADE PRICE
Currency code Rs.
Price amount 995.00
700 ## - ADDED ENTRY--PERSONAL NAME
Personal name Poutre H.L. (Editor), Sadeh N.M. (Editor) & Janson S. (Editor)
9 (RLIN) 191688
906 ## - LOCAL DATA ELEMENT F, LDF (RLIN)
d O:0133030-Nov-2010B:602627-Oct-2010
c COMP
b 248.75
Holdings
Withdrawn status Lost status Damaged status Not for loan Home library Current library Date acquired Vendor Budget Code Cost, normal purchase price Bill number Total Checkouts Full call number Barcode Date last seen Discount Cost, replacement price Bill Date Koha item type Original Barcode
        Cummins College of Engineering for Women Pune Cummins College of Engineering for Women Pune 30/11/2010 Tbs COMP 746.25 6026   658.8'4 CCEP-BK-37709 18/07/2023 248.75 995.00 27/10/2010 Books 037709